Kto wykonał tę piosenkę z lat 2000? #1 - Statystyki

Ogólne statystyki
  • Ten quiz został rozwiązany 1 933 razy
  • Średni wynik to 9 z 24
Statystyki odpowiedzi
Rok Piosenka Artysta / zespół % Poprawnych
2008 Poker Face Lady Gaga
96%
2008 Single Ladies (Put a Ring on It) Beyoncé Knowles
67%
2000 Stan Eminem
56%
2006 SexyBack Justin Timberlake
53%
2006 Rehab Amy Winehouse
52%
2003 Hey-Ya! Outkast
52%
2004 American Idiot Green Day
51%
2005 Feel Good Inc. Gorillaz
49%
2000 Yellow Coldplay
47%
2008 Love Story Taylor Swift
40%
2005 Gold Digger Kanye West
39%
2002 Sk8er Boi Avril Lavigne
38%
2008 Sex on Fire Kings of Leon
35%
2005 Hollaback Girl Gwen Stefani
30%
2004 99 Problems Jay-Z
29%
2008 Chasing Pavements Adele
27%
2008 Paper Planes M.I.A.
27%
2000 Beautiful Day U2
26%
2004 Since U Been Gone Kelly Clarkson
24%
2001 It Wasn't Me Shaggy
20%
2004 Take Me Out Franz Ferdinand
17%
2001 Last Nite The Strokes
8%
2002 Fell in Love with a Girl The White Stripes
7%
2002 Your Body is a Wonderland John Mayer
6%
Nie znaleziono quizów pasujących do podanych kryteriów
Rozkład punktacji
Procent ludzi z każdym wynikiem
Percentyl według liczby udzielonych odpowiedzi
Twoja historia wyników
Nie rozwiązałeś tego quizu